000 00744nam a22002177a 4500
999 _c195208
_d195208
003 dpl
005 20230307115759.0
008 230306b ||||| |||| 00| 0 eng d
010 _aENG-136352
020 _a9788194357858
_c150.00
035 _aEN-119884
040 _c0
082 _a333.30
245 _aUnequal Land Relations In North Easr India :
_bCustom, Gender And The Market /
_cEdited By Erik Maaker and Meenal Tula
260 _aGuwahati
_bNorth Eastern Social Research Centre
_c2020
270 _aJagriti 2nd Floor, Arunodoi Path,GMCH Road, Christian Basti
_bGuwahati
_e781005
300 _aix178 p.
_c21pb
700 _aMaaker,Erik
_eEditor
700 _aTula,Meenal
_eEditor
942 _2ddc
_cEN
_h333.30
_mUNE